Queensland year book 1981
Na minha lista:
| Formato: | Livro |
|---|---|
| Idioma: | inglês |
| Publicado em: |
Brisbane
Australian Bureau of Statistics
1981
|
| Tags: |
Sem tags, seja o primeiro a adicionar uma tag!
|
MARC
| LEADER | 00000nam a2200000 4500 | ||
|---|---|---|---|
| 001 | c127588 | ||
| 005 | 20221207070518.4 | ||
| 041 | 0 | |a eng | |
| 044 | |a AU | ||
| 245 | 1 | 0 | |a Queensland year book 1981 |
| 264 | 1 | |a Brisbane |b Australian Bureau of Statistics |c 1981 | |
| 300 | |a 479 s. | ||